[Event "RUS-chT Blitz Men 2018"]
[Site "Sochi"]
[Date "2018.10.10"]
[Round "2"]
[White "Bocharov, Dmitry"]
[Black "Rozum, Ivan"]
[Result "0-1"]
[WhiteElo "2557"]
[BlackElo "2573"]
[Annotator "TA"]
[PlyCount "90"]
[EventDate "2018.10.10"]
[EventType "swiss"]
[EventCountry "RUS"]
[SourceTitle "playchess.com"]
[Source "ChessBase"]
[SourceQuality "1"]

{[%evp 12,90,30,20,37,12,35,20,30,17,23,26,28,8,16,0,7,7,23,14,42,34,63,59,70,57,73,62,62,11,0,-41,-39,-195,-193,-240,-76,-107,-104,-95,-61,-168,-150,-170,-153,-156,-160,-187,-31,-56,0,0,64,7,5,-36,-16,-83,0,0,0,0,0,0,0,-18,-18,-18,-25,-23,-11,-37,-35,-36,-40,-39,-39,-40,-25,-6048,-1309]} 1. Nf3 Nf6 2. g3 b6 3. Bg2 Bb7 4. O-O g6 5. d4 Bg7 6. c4 O-O 7. Qc2 Be4 $146 {A50: Queen's Fianchetto Defence (1 d4 Nf6 2 c4 b6)} (7... c5 8. d5 b5 9. e4 bxc4 10. Rd1 d6 11. Na3 Nbd7 12. Nxc4 Ng4 13. Bd2 Ba6 14. Rab1 Nge5 15. Nfxe5 Nxe5 16. Nxe5 Bxe5 {½-½ (42) Mamedyarov,S (2799)-Artemiev,V (2691) Riadh 2017}) ({Predecessor:} 7... c5 8. d5 e6 9. e4 exd5 10. cxd5 d6 11. Nc3 Na6 12. Bf4 Re8 13. Rfe1 Nc7 14. a4 a6 15. Rab1 {½-½ (108) Makhmutov,R (2407)-Rozum,I (2576) Kazan 2018}) 8. Qb3 Bb7 9. Nc3 Ne4 {The position is equal.} 10. Nxe4 Bxe4 11. Rd1 d6 12. Qe3 Bb7 13. b3 Nd7 {[%cal Bb8d7,Bd7f6,Bf6g4][%mdl 32]} 14. Bb2 Nf6 15. Rac1 c5 16. Qd3 a6 17. d5 b5 18. e4 ({But not} 18. cxb5 axb5 19. a3 (19. Qxb5 Ba6 $17) 19... Nxd5 $11) 18... Qa5 19. e5 Ng4 20. Qe2 (20. a4 $14) 20... Qxa2 $11 21. Rd2 {And now exd6 would win.} (21. Re1 {looks sharper.} Qxb3 22. h3 Nh6 23. Ba1 Nf5 24. Rb1) 21... Qxb3 22. exd6 $2 (22. Rdc2 $15 Bh6 23. exd6 $1 {[%mdl 512]} Bxc1 24. dxe7 Bxb2 25. Rxb2) 22... exd6 $19 23. Bxg7 Kxg7 $2 (23... Rfe8 $19 {and Black stays clearly on top.} 24. Rc3 Qb1+ 25. Qf1 Qxf1+ 26. Bxf1 Kxg7 27. cxb5 axb5 28. Bxb5 Ra1+ 29. Kg2 Rb8) 24. Qe7 bxc4 {Strongly threatening ...Rad8.} 25. Qxd6 Nf6 26. Ng5 ({White should try} 26. Qe5 $15) 26... h6 $1 {[%cal Rh6g5]} 27. Ne4 Nxe4 28. Bxe4 Rfe8 29. Bg2 {[#]} c3 $2 (29... Qb4 $1 $19 {[%cal Rb4d2]} 30. Rdd1 c3) 30. Rd3 $15 Rad8 (30... Qb2 $15 31. Rdxc3 Rad8) 31. Qxc5 $11 {[#]} Qb5 (31... a5 $1 $11 {[%mdl 512]}) 32. Qd4+ (32. Qxc3+ $14 Kg8 33. Qd2) 32... Kg8 $132 {[%mdl 2048] Threatening ...c2! Black is fighting back} 33. Rdxc3 Bxd5 34. Rd1 (34. Bf1 $11 Qb7 35. Rc7) 34... Bxg2 (34... Be6 $17 35. Qxd8 Rxd8 36. Rxd8+ Kg7) 35. Qxd8 Rxd8 36. Rxd8+ Kg7 {[%csl Gg2][%cal Rb5f1]} 37. Kxg2 {[%mdl 4096] Endgame KQ-KRR} Qb7+ 38. Kf1 Qh1+ 39. Ke2 Qxh2 {Threatens to win with ...Qh5+.} 40. Rd5 Qh1 41. Rcc5 Qe4+ 42. Kf1 h5 43. Ra5 h4 44. gxh4 Qxh4 {...Qb4 is the strong threat.} 45. Rd1 $2 {[%mdl 8192]} (45. Rd6 $11) 45... Qc4+ {Precision: White = 34%, Black = 44%.} (45... Qh1+ $142 46. Ke2 Qe4+ 47. Kf1 Qc4+ 48. Kg1 Qg4+ 49. Kh2 Qxd1) 0-1

[Event "RUS-chT Blitz Men 2018"]
[Site "Sochi"]
[Date "2018.10.10"]
[Round "2"]
[White "Shcherbakov, Ruslan"]
[Black "Papenin, Nikolai"]
[Result "0-1"]
[WhiteElo "2516"]
[BlackElo "2334"]
[Annotator "TA"]
[PlyCount "74"]
[EventDate "2018.10.10"]
[EventType "swiss"]
[EventCountry "RUS"]
[SourceTitle "playchess.com"]
[Source "ChessBase"]
[SourceQuality "1"]

{[%evp 9,74,30,49,0,0,-1,-4,-16,-8,-15,-11,-11,26,-10,26,-18,0,-7,-4,-27,32,-18,0,-42,-40,-36,-41,-50,-49,-78,-11,-259,-274,-420,-411,-607,-609,-684,-670,-663,-673,-686,-679,-675,-664,-831,-836,-1395,-803,-820,-804,-765,-615,-29982,-29983,-29983,-29984,-29984,-29985,-29984,-29985,-29991,-29991,-12108,-5824,-29998,-29999]} 1. Nf3 Nf6 2. c4 g6 3. Nc3 d5 4. cxd5 Nxd5 5. h4 h5 {LiveBook: 24 Games} (5... Bg7 6. h5 Nc6 7. h6 Bf6 8. Ne4 Bg4 9. e3 O-O 10. Nxf6+ exf6 11. Be2 Re8 12. O-O Qe7 13. d4 {0-1 (22) Akobian,V (2647)-Duda,J (2717) Riadh 2017}) 6. d3 {A16: English Opening: 1...Nf6 with ...d5} Bg7 7. Bd2 O-O 8. g3 {The position is equal.} c5 9. Bg2 Nc6 $146 ({Predecessor:} 9... Nc7 10. O-O Nc6 11. a3 b6 12. Ng5 Qd7 13. b4 cxb4 14. axb4 Nxb4 15. Bxa8 Nxa8 {½-½ (32) Stojanov,S (2323)-Giua,F (2165) Cannes 2000}) 10. O-O Bg4 11. Rc1 b6 12. a3 Rc8 13. Nxd5 Qxd5 14. b4 Bb2 (14... Qa2 $11) 15. Rc4 Qd7 16. Bh6 Rfd8 17. bxc5 Bxf3 18. Bxf3 Ne5 19. Rf4 Kh7 (19... bxc5 $17 20. Qc2 Rb8) 20. d4 $2 {[#]} (20. Qd2 $11 Bd4 21. cxb6 axb6 22. Bg2) 20... Bxd4 $19 ({Don't play} 20... Kxh6 21. Qd2 $17) 21. e3 (21. Rxd4 $142 Qxd4 22. Qxd4 Nxf3+ 23. exf3 Rxd4 24. Be3) 21... Bxc5 22. Qa1 (22. Bg5 $142 f6 23. Qe2) 22... f6 23. Bg5 Nxf3+ 24. Rxf3 Qd5 25. Rf4 fxg5 26. hxg5 Rf8 27. Rd1 Qxg5 {[#] Hoping for ...Bxe3!} 28. Kg2 Bd6 29. Rxf8 Rxf8 30. Qd4 Qf6 31. Qd2 Qf3+ 32. Kg1 h4 33. gxh4 Qg4+ 34. Kf1 Bg3 35. f4 Qf3+ 36. Kg1 Bf2+ 37. Kh2 Qg3+ {Precision: White = 23%, Black = 53%.} 0-1

[Event "RUS-chT Blitz Men 2018"]
[Site "Sochi"]
[Date "2018.10.10"]
[Round "2"]
[White "Demidov, Mikhail"]
[Black "Morozevich, Alexander"]
[Result "0-1"]
[WhiteElo "2514"]
[BlackElo "2656"]
[Annotator "TA"]
[PlyCount "104"]
[EventDate "2018.10.10"]
[EventType "swiss"]
[EventCountry "RUS"]
[SourceTitle "playchess.com"]
[Source "ChessBase"]
[SourceQuality "1"]

{[%evp 18,104,47,1,20,-11,-14,-7,86,86,95,50,62,47,56,52,84,57,96,35,37,41,113,95,133,108,122,32,31,11,133,12,0,8,0,-8,-6,-26,0,-127,-93,-83,-2,-30,0,-97,-87,-126,-125,-118,-126,-218,-123,-127,-114,-163,-171,-206,-181,-164,-136,-125,-137,-134,-110,-116,-101,-181,-180,-145,-96,-175,-145,-139,-139,-142,-125,-152,-139,-139,-139,-287,-96,-115,0,-397,-331,-29981,-29982]} 1. Nf3 d5 2. g3 Nc6 3. d4 Bf5 4. Bg2 Nb4 5. Na3 e6 6. Nh4 {D02: 1 d4 d5 2 Nf3 sidelines, including 2...Nf6 3 g3 and 2...Nf6 3 Bf4} (6. O-O h6 7. Ne5 Bd6 8. c3 Bxe5 9. dxe5 Nc6 10. c4 Nge7 11. cxd5 exd5 12. Nb5 O-O 13. Nd4 Nxd4 14. Qxd4 {0-1 (54) Vachier Lagrave,M (2789)-Bosiocic,M (2624) Riadh 2017}) 6... Bg4 7. c3 Na6 $146 ({Predecessor:} 7... Nc6 8. Qb3 Rb8 9. e4 dxe4 10. Bxe4 Nf6 11. Bg2 Be7 12. O-O O-O 13. Nc4 Nd7 {1-0 (32) Turov,M (2595)-Dragun,K (2614) Teplice 2017}) 8. Nc2 Be7 9. Nf3 Bf5 10. O-O {LiveBook: 3 Games} Nf6 11. Nh4 Be4 12. f3 Bg6 (12... Bxc2 $1 $11 13. Qxc2 c5) 13. Nxg6 $16 hxg6 14. e4 c5 15. e5 Nd7 16. f4 Qb6 17. Rb1 Nab8 18. b4 (18. c4 $16) 18... cxb4 $14 19. cxb4 {[%cal Bc3b4,Bb4b5][%mdl 32]} a5 (19... a6 $14) 20. b5 $16 a4 21. Be3 Qc7 22. Qd3 (22. g4 $16) 22... Nb6 $1 $14 23. Rfc1 Nc4 (23... N8d7 $11) 24. Bf2 (24. Nb4 $1 $16 {[%cal Rb4d5]} Bxb4 25. Rxb4) 24... Nd7 $11 25. Ne3 Ndb6 26. g4 Bh4 27. Bg3 Qe7 28. f5 (28. g5 $11 {keeps the balance.}) 28... gxf5 $17 29. gxf5 Bxg3 (29... Bg5 $17 30. Nxc4 dxc4) 30. hxg3 $11 Qg5 31. Nf1 (31. Nxc4 $11 Nxc4 32. Rc3) 31... O-O-O $17 32. fxe6 fxe6 33. Qd2 Qg4 34. Qf4 (34. Qd1 $17 Qg6 35. Rc3) 34... Qh5 (34... Qg6 $1 $19 35. Qf3 Rdf8) 35. Qf3 Qg6 36. Qe2 Kb8 37. Re1 Rdf8 38. Rbc1 Qg5 39. Rc3 Rf7 40. Rf3 Rhf8 41. Rxf7 Rxf7 42. Rd1 (42. Bh3 $17 Qg6 43. Bg4) 42... Nc8 $1 $19 43. Bh3 Qh6 44. Kg2 (44. Qg4 $17 Rf5 45. Re1) 44... Ne7 45. Rd3 Nf5 46. Bxf5 Rxf5 47. Rf3 {next Rxf5 is good for White.} g6 {[%cal Bg7g6,Bg6f5][%mdl 32]} 48. Rxf5 gxf5 49. Qd1 {[#]} (49. Qe1 $17 {was the only chance.}) 49... a3 $2 (49... Qe3 $1 $19 {[%mdl 512] and Black stays clearly on top. And now ...Qc3 would win.} 50. g4 (50. Nxe3 Nxe3+) 50... Qa3) 50. Qe1 $17 {[#]} Qg5 ({Black should try} 50... Ka7 $1 $17 51. Qb4 f4) 51. Qf2 $2 {[%mdl 8192]} (51. Qb4 $11 {and White stays safe.}) 51... Qg4 52. Ne3 $2 (52. Nd2 $19) 52... Qe4+ {Precision: White = 34%, Black = 41%.} 0-1

[Event "RUS-chT Blitz Men 2018"]
[Site "Sochi"]
[Date "2018.10.10"]
[Round "2"]
[White "Moiseenko, Vadim"]
[Black "Khanin, Semen"]
[Result "1-0"]
[WhiteElo "2492"]
[BlackElo "2510"]
[Annotator "TA"]
[PlyCount "109"]
[EventDate "2018.10.10"]
[EventType "swiss"]
[EventCountry "RUS"]
[SourceTitle "playchess.com"]
[Source "ChessBase"]
[SourceQuality "1"]

{[%evp 20,109,9,20,56,41,59,-64,45,38,41,26,27,30,69,26,40,0,0,0,130,91,127,42,111,66,160,96,171,188,266,250,256,226,266,239,245,231,286,285,283,276,282,272,356,275,282,268,300,288,328,300,333,340,345,364,346,346,346,252,252,252,260,223,513,279,436,346,346,245,387,0,245,69,700,551,696,590,683,683,753,716,575,0,0,0,245,238,4798,1075,5855,5837]} 1. d4 Nf6 2. c4 e6 3. g3 d5 4. Bg2 Be7 5. Nf3 O-O 6. O-O dxc4 7. Qc2 a6 8. a4 Nc6 9. Qxc4 Qd5 10. Qd3 Rd8 {E05: Katalanisch} 11. Nc3 {LiveBook: 14 Partien} Qf5 12. e4 $146 ({Vorgänger:} 12. Qxf5 exf5 13. Rd1 Be6 14. Bg5 Bb3 15. Rdc1 h6 16. Bxf6 Bxf6 17. e3 Rab8 18. Nd2 {1-0 (33) Yuffa,D (2527)-Gogolev,A (2408) Sochi 2017}) 12... Qh5 {Weiß steht etwas besser.} 13. Rd1 (13. Qc4 $14) 13... Nb4 (13... e5 $1 $15 14. d5 Bg4) 14. Qe2 c5 15. dxc5 Rxd1+ 16. Qxd1 Bd7 17. Be3 $36 {[%mdl 2048] Und h3 würde nun gewinnen. Weiss hat Druck.} Bc6 18. Nd4 (18. h3 {keeps more tension.} Nd7 19. Qb3 a5 20. Qc4 Na6 21. Rd1) 18... Qxd1+ $1 19. Rxd1 Be8 (19... Ng4 $11) 20. Nb3 Rc8 21. Na5 (21. Bf4 $16) 21... Bc6 (21... Ng4 $14) 22. Nxc6 Nxc6 (22... bxc6 $14 23. Bf3 Nc2) 23. h3 (23. e5 $142 $1 {[%cal Re5f6]} Ng4 24. Bxc6 bxc6 25. Rd7 Nxe3 26. Rxe7) 23... Kf8 {[#]} (23... Rc7 $16) 24. e5 $1 $18 {[%mdl 512]} Nd5 (24... Ne8 $142 25. f4 f6) (24... Nxe5 25. Bxb7) 25. Nxd5 exd5 26. Rxd5 Ke8 27. f4 Nb4 28. Rd2 Bxc5 29. Bxc5 Rxc5 30. Bxb7 {[%mdl 4096] Endspiel KTL-KTS} a5 31. Be4 Rc4 32. Bf3 Na6 33. Bd5 Rc5 34. b3 Rc3 35. Kg2 Nc5 36. Bc4 Nxb3 37. Bxb3 Rxb3 {KT-KT} 38. Rd5 h5 {Falls Schwarz jetzt zu ...Tb2+ käme, bestünde noch etwas Hoffnung.} 39. h4 Rb2+ 40. Kh3 g6 41. Rxa5 Ke7 $2 (41... Kf8 {war einen Versuch wert.} 42. Ra8+ Kg7) 42. Ra7+ Ke6 (42... Kf8 {ist wohl besser.} 43. Ra8+ Kg7) 43. a5 Ra2 44. Ra6+ Ke7 (44... Kd5 $142 45. Rf6 Rxa5 46. Rxf7 Ra6 47. Rd7+ Ke4) 45. Ra7+ Ke6 {[#]} 46. a6 $2 (46. Ra8 $1 $18) 46... Ra3 $2 {[%mdl 8192]} (46... Ra1 $14 47. Kg2 Kd5) 47. Kg2 Ra2+ 48. Kf1 Ra3 49. Kf2 Ra2+ 50. Kf3 Ra3+ 51. Kg2 $2 ({Lieber} 51. Ke4 $18 {Droht stark Kd4.} Rxg3 52. Ra8) 51... Ra2+ $1 $11 52. Kh3 $2 (52. Kf1 $11 Ra1+ 53. Ke2) 52... Ra3 $18 {[#]} 53. Ra8 $1 {a7 ist eine echte Drohung.} Ke7 $2 (53... Kf5 54. Ra7 Ke4 55. Rxf7 Rxa6) 54. a7 Ra2 {[#]} 55. e6 $1 {Precision: Weiß = 52%, Schwarz = 27%.} 1-0

[Event "RUS-chT Blitz Men 2018"]
[Site "Sochi"]
[Date "2018.10.10"]
[Round "2"]
[White "Kezin, Roman"]
[Black "Gogolev, Artem"]
[Result "0-1"]
[WhiteElo "2471"]
[BlackElo "2389"]
[Annotator "TA"]
[PlyCount "108"]
[EventDate "2018.10.10"]
[EventType "swiss"]
[EventCountry "RUS"]
[SourceTitle "playchess.com"]
[Source "ChessBase"]
[SourceQuality "1"]

{[%evp 9,108,-24,2,-2,3,-6,-7,-7,0,-27,-38,-37,0,0,0,0,4,0,0,0,0,2,2,9,7,2,41,39,33,0,0,-13,-16,-38,-38,-44,-60,-45,-47,-75,-74,-62,-69,-120,-125,-140,-139,-135,-137,-126,-68,-129,-113,-120,-112,-114,-117,-377,-14,-893,-893,-887,-891,-890,-885,-897,-862,-913,-920,-914,-900,-1095,-840,-908,-828,-921,-775,-908,-897,-885,-870,-1028,-1017,-987,-986,-1203,-1168,-1305,-1310,-1778,-1647,-4825,-2416,-29982,-29977,-29983,-29978,-29993,-29994,-29994,-29995]} 1. Nf3 d5 2. b3 c5 3. Bb2 Nc6 4. g3 Nf6 5. Bg2 g6 {LiveBook: 12 Games} 6. d4 {A08: King's Indian Attack} (6. O-O Bg7 7. Ne5 Nxe5 8. Bxe5 O-O 9. c4 Be6 10. Nc3 d4 11. Na4 Qc8 12. e3 Rd8 13. exd4 cxd4 14. Qf3 Bh3 15. Qxb7 Bxg2 16. Qxc8 Raxc8 17. Kxg2 {1-0 (33) Vachier Lagrave,M (2796)-Bacrot,E (2708) Paris 2017}) 6... Bg7 7. dxc5 Qa5+ 8. Nbd2 {[%cal Bb1d2,Bd2c4,Bc4e5][%mdl 32] The position is equal.} O-O 9. a3 $146 ({Predecessor:} 9. O-O Qxc5 10. c4 dxc4 11. Nxc4 Rd8 12. Qc1 Be6 13. Nce5 Qxc1 14. Rfxc1 Bd5 15. Nxc6 Bxc6 16. Rd1 a5 17. Ne5 Bxg2 18. Kxg2 a4 19. bxa4 Nd5 20. Nc4 Rxa4 21. Bxg7 Rxc4 22. Bh6 f6 {½-½ (22) Zupe,M (2280)-Schwarhofer,C (2356) Austria 2015}) 9... Qxc5 {[#] White must now prevent ...Ng4.} 10. b4 Qd6 11. c4 dxc4 12. Nxc4 Qxd1+ 13. Rxd1 Be6 14. Nfe5 Nxe5 15. Nxe5 Ng4 16. Nd3 Bxb2 17. Nxb2 Rac8 18. Bxb7 Rc2 19. Rd2 Rc1+ 20. Nd1 Ra1 21. O-O Rxa3 22. Rd4 Rb8 $36 {[%mdl 2048] Black is more active.} 23. Bg2 Rb3 24. Bh3 R3xb4 25. Rxb4 Rxb4 26. Nc3 (26. f3 $15 Nf6 27. Bxe6 fxe6 28. Nf2) 26... Rc4 $17 27. Nb5 a6 28. Na3 Rc3 29. Ra1 h5 (29... f5 $17 30. Bg2 Rc5) 30. Bg2 ({White should play} 30. f3 $15) 30... Ne5 31. Bb7 a5 32. Nb5 Rb3 33. Rxa5 $2 {[%mdl 8192] [#]} (33. Ba6 $17 {only move.}) 33... Bh3 $2 (33... Nc4 $19 34. Ra8+ Kg7) 34. f3 $2 {[%mdl 8192]} (34. Be4 $11) 34... Rb1+ $19 35. Kf2 Rf1+ 36. Ke3 Nc4+ 37. Kf4 Nxa5 38. Bd5 Kg7 39. Nc3 f6 40. Ne4 e5+ 41. Ke3 Bf5 42. Nd2 Ra1 43. Kf2 Rd1 44. Ke3 Rh1 45. g4 Bd7 46. gxh5 gxh5 47. Ne4 Rxh2 48. Nc5 Bf5 49. Kd2 h4 50. Ke1 h3 51. Kf1 Rh1+ {Black mates.} 52. Kf2 Rd1 53. Be6 h2 54. Bxf5 h1=Q {Precision: White = 26%, Black = 53%.} 0-1

[Event "RUS-chT Blitz Men 2018"]
[Site "Sochi"]
[Date "2018.10.10"]
[Round "2"]
[White "Chekhov, Sergei"]
[Black "Babayan, Arman S."]
[Result "1/2-1/2"]
[WhiteElo "2463"]
[BlackElo "1673"]
[Annotator "TA"]
[PlyCount "113"]
[EventDate "2018.10.10"]
[EventType "swiss"]
[EventCountry "RUS"]
[SourceTitle "playchess.com"]
[Source "ChessBase"]
[SourceQuality "1"]

{[%evp 20,113,59,52,58,54,48,43,39,18,40,28,31,0,0,0,0,0,0,0,55,7,25,0,76,70,113,35,42,27,36,36,44,44,45,43,47,35,100,105,113,77,106,62,106,97,137,136,115,122,229,135,139,148,140,143,169,163,156,127,119,114,127,125,95,54,95,60,119,112,116,123,162,165,165,142,233,226,227,101,174,0,0,0,0,0,0,0,0,0,0,0,0,0,0,0]} 1. e4 c5 2. d4 cxd4 3. Nf3 Nc6 4. Nxd4 Nf6 5. Nc3 e6 6. Ndb5 {[%cal Bd4b5,Bb5a3,Ba3c4,Bc4b6][%mdl 32]} d6 7. Bf4 e5 8. Bg5 a6 9. Na3 Be7 10. Bxf6 Bxf6 11. Nc4 {LiveBook: 8 Games} Be7 {B33: Sicilian: Pelikan and Sveshnikov Variations} 12. Nd5 O-O (12... Be6 13. Ncb6 Rb8 14. Bc4 O-O 15. c3 Bg5 16. O-O Kh8 17. Qc2 g6 18. Rad1 f5 19. exf5 Bxf5 {1-0 (54) Intagrand (2540)-Dieb Fritz (2438) playchess.com INT 2006}) 13. Ncb6 Rb8 {White is slightly better.} 14. Bd3 $146 ({Predecessor:} 14. Nxc8 Qxc8 15. Be2 b5 16. c3 Bg5 17. a4 bxa4 18. Qxa4 Rxb2 19. Bxa6 {½-½ (29) Koehl,R (2266)-Reina Guerra,E (1959) ICCF email 2016}) 14... Bg5 15. O-O Be6 16. c3 Ne7 17. Bc4 Nxd5 18. Nxd5 b5 19. Bb3 Kh8 (19... a5 $11) 20. Qe2 Qd7 21. Rfd1 f5 {[#]} (21... Bg4 $11 {remains equal.} 22. f3 Be6) 22. Nb4 $1 $16 fxe4 23. Bxe6 (23. Nxa6 $16 Rbc8 24. Bxe6 Qxe6 25. Nb4) 23... Qxe6 $14 24. Qxe4 a5 25. Nd5 Qf7 26. f3 Qf5 27. Qxf5 Rxf5 28. Rd3 b4 ({Better is} 28... Kg8 $14) 29. cxb4 $16 axb4 30. Re1 h6 31. g3 h5 32. Kg2 h4 33. Re4 hxg3 34. hxg3 Bc1 (34... b3 $16 {keeps fighting.}) 35. Rxb4 (35. Rh4+ $18 Bh6 36. Rxb4 (36. Nxb4 Kg8 $18)) 35... Rxb4 36. Nxb4 Bxb2 37. Rxd6 $18 {[%mdl 4096] Endgame KRB-KRN} Ba3 38. Rd8+ Kh7 39. Nd5 Rf7 40. Ra8 Bc5 41. Ra5 Bd4 42. Ra6 Rb7 43. a4 Rb2+ ({Black should play} 43... Rb1 $14) 44. Kh3 $16 Rb3 45. Kg4 Ra3 46. Ne7 Bf2 47. Nf5 Be1 (47... e4 $16 {is a better defense.}) 48. Ra7 Kh8 49. Nxg7 (49. Ra8+ $18 Kh7 50. Nd6) 49... e4 (49... Bf2 $16 {was necessary.} 50. Re7 Rxa4+ 51. Kh3 e4) 50. fxe4 $2 (50. Nh5 $18 {Threatening mate with Nf6.} Rxf3 51. Re7) 50... Rxg3+ $11 {The position is equal.} 51. Kf5 Rxg7 52. Rxg7 Kxg7 {KB-KPP} 53. Ke6 Kf8 54. Kd7 {[#] Black must now prevent e5.} Bc3 $1 55. Kd8 Kf7 56. Kd7 Kf8 57. e5 {Precision: White = 41%, Black = 45%.} 1/2-1/2

[Event "RUS-chT Blitz Men 2018"]
[Site "Sochi"]
[Date "2018.10.10"]
[Round "2"]
[White "Kozionov, Kirill"]
[Black "Iljiushenok, Ilia"]
[Result "0-1"]
[WhiteElo "2458"]
[BlackElo "2539"]
[Annotator "TA"]
[PlyCount "100"]
[EventDate "2018.10.10"]
[EventType "swiss"]
[EventCountry "RUS"]
[SourceTitle "playchess.com"]
[Source "ChessBase"]
[SourceQuality "1"]

{[%evp 26,100,12,15,6,4,37,-52,8,-13,77,15,13,22,12,0,10,-30,10,0,71,23,23,34,40,35,85,85,136,158,278,266,262,148,220,205,268,271,444,329,485,82,162,169,441,143,241,245,248,45,52,42,47,50,62,31,146,0,0,0,-8,-87,0,0,0,-757,-558,-989,-984,-29987,-29988,-29996,-29997,-29997,-29998,-29998,-29999]} 1. d4 d6 2. Nf3 g6 3. c4 Bg7 4. Nc3 Nf6 5. e4 O-O 6. Be2 e5 7. Be3 exd4 8. Nxd4 Re8 9. f3 c6 10. Bf2 d5 11. exd5 cxd5 12. O-O Nc6 13. c5 Bf8 {E92: Königsindisch (Klassisches System)} (13... a6 14. Qd2 Qa5 15. Rfe1 Qxc5 16. Ne6 Qa5 17. Nxg7 Kxg7 18. a3 d4 19. Bxd4 Nxd4 20. Qxd4 Rd8 21. Qe3 {½-½ (60) Bluebaum,M (2631)-Carlsen,M (2843) Karlsruhe/Baden-Baden 2018}) 14. Nb3 {LiveBook: 4 Partien} Be6 {[#]} 15. Re1 $146 ({Vorgänger:} 15. Bb5 Rc8 16. Re1 Nh5 17. Qd2 a6 18. Bxc6 bxc6 19. Na4 Qf6 20. Nb6 Rc7 21. Bd4 {1-0 (48) Eljanov,P (2678)-L'Ami,A (2362) Reykjavik 2013}) 15... Qd7 {Die Stellung ist ausgeglichen.} 16. Qd2 (16. Bb5 $14) 16... Rad8 ({Lieber} 16... d4 $1 $15 17. Na4 (17. Nxd4 Bxc5 18. Red1 Rad8 $15) 17... Rad8) 17. Bh4 Bg7 (17... Be7 $11) 18. Qf4 (18. Nb5 $16) 18... Nh5 $11 19. Qa4 Rc8 20. Rad1 a6 21. Ne4 Rf8 22. Nd6 Rc7 (22... b5 $11 23. Qa3 (23. Qxa6 Ra8 $11) 23... Ra8) 23. g4 Nf6 24. Qf4 Ne8 25. Bf1 h6 {...g5 ist eine echte Drohung.} 26. Bg3 $36 {[%mdl 2048] Schwarz muss nun Sxe8 beachten. Weiss bestimmt, wo es lang geht.} Nxd6 (26... g5 $142 27. Qd2 Nxd6 28. cxd6 (28. Bxd6 Rd8 $16) 28... Rcc8) 27. cxd6 $16 g5 (27... Rcc8 $16) 28. Qd2 $18 Rcc8 29. Qf2 (29. Nc5 $1 $18 {[%cal Rc5d7]} Qd8 30. Rxe6 (30. Nxe6 fxe6 31. Rxe6 Nd4 $16)) 29... b6 (29... Qd8 $16 30. Nc5 Qf6) 30. Qxb6 Rb8 31. Qc7 (31. Qxa6 Qb7 $18) 31... Bxb2 $2 (31... Rfc8 {ist eine bessere Verteidigung.}) 32. Kh1 Ba3 {[#]} (32... Rb7 $142) 33. Re2 $2 (33. Rxe6 $1 $18 {[%mdl 512]} Qxe6 34. Qxc6) 33... Rfd8 (33... Rb7 $16 34. Qxd7 Rxd7) 34. Rc2 Nb4 $2 (34... Rdc8 {war angesagt.}) 35. Qxd7 $2 (35. Nc5 $18 Qe8 36. d7 Bxd7 37. Re2) 35... Rxd7 (35... Bxd7 $16 36. Rc7 Nxa2) 36. Rc7 Nxa2 37. Nc5 $2 (37. Nd4 $1 $18 {[%cal Rd4e6]} Rbd8 38. Rb1 (38. Bxa6 Bxd6 39. Bxd6 Rxd6 $11)) 37... Bxc5 $1 $14 38. Rxc5 Nb4 39. Rb1 d4 40. Bc4 d3 {[#]} (40... Bxc4 $14 41. Rxc4 a5) 41. Bxe6 ({Weiss kommt nicht vorbei an} 41. Bxd3 $1 $16 {[%mdl 512] zielt auf Le4 ab.} Rb6 (41... Nxd3 42. Rxb8+) 42. Be4) 41... fxe6 $11 42. Rc7 Rdd8 $1 43. d7 {[#]} (43. Rd1 $1 $11 {bleibt in der Remisbreite.}) 43... d2 ({Vergiftet wäre} 43... Nd5 $2 44. Rxb8 Rxb8 45. Rc8+ Kf7 46. d8=Q $18 (46. Bxb8 d2 $11)) (43... a5 $1 $17 {Droht ...Kf7 und aus.} 44. h4 Kf7) 44. Rd1 Nd5 45. Ra7 $2 {[%mdl 8192]} (45. Rxd2 $11 Nxc7 46. Bxc7) 45... Rb2 46. Be5 Ne3 47. Bxb2 Nxd1 {Schwarz setzt Matt.} 48. Bf6 {[#]} Ne3 $1 {[%cal Rd2d1][%mdl 512]} 49. Kg1 d1=Q+ 50. Kf2 Qd2+ {Precision: Weiß = 25%, Schwarz = 22%.} 0-1